000 00477nam a2200205Ia 4500
005 20250425160823.0
008 250425s9999 xx 000 0 und d
041 _aeng
082 _a620.106
100 _aTIETJENS, O G
245 0 _aAPPLIED HYDRO-AND AEROMECHANICS
250 _aS.E.
260 _aEstados Unidos
_bMCGRAW HILL
_c1950
260 _aNEW YORK
300 _a311
650 _aFLUIDOS
650 _aMECANICA DE FLUIDOS
942 _c01
010 _a6077
999 _c196810
_d196810